000 00626nam a2200205 i 4500
001 18101
003 ES-MaACL
005 20250731202217.0
007 t|
008 010822s1995 ag ||||1| spa d
020 _a950-786-079-7
080 _a1 Foucault, Michel
100 1 _aCastro, Edgardo.
_936844
245 1 0 _aPensar a Foucault
_b: interrogantes filosóficos de "La arqueología del saber" /
_cEdgardo Castro.
260 _aBuenos Aires :
_bBiblos,
_c[1995]
300 _a251 p. ;
_c23 cm.
600 1 4 _aFoucault, Michel,
_d1926-1984
_9241486
852 _aES-MaACL
_jL-24843
_bR.130186
999 _c18101
_d18101